La diffamation dans les medias en afrique (Record no. 156955)
[ view plain ]
| 000 -LEADER | |
|---|---|
| fixed length control field | 00766nam a22002297a 4500 |
| 005 - DATE AND TIME OF LATEST TRANSACTION | |
| control field | 20210727101211.0 |
| 008 - FIXED-LENGTH DATA ELEMENTS--GENERAL INFORMATION | |
| fixed length control field | 210727b sg ||||| |||| 00| 0 fr d |
| 020 ## - INTERNATIONAL STANDARD BOOK NUMBER | |
| International Standard Book Number | 9290910836 |
| 050 04 - LIBRARY OF CONGRESS CALL NUMBER | |
| Classification number | KQC896 |
| Item number | D54 2004 |
| 245 03 - TITLE STATEMENT | |
| Title | La diffamation dans les medias en afrique |
| Statement of responsibility, etc | / Charles Tchoungang,...[et al.] |
| 250 ## - EDITION STATEMENT | |
| Edition statement | 1a ed. |
| 260 ## - PUBLICATION, DISTRIBUTION, ETC. (IMPRINT) | |
| Place of publication, distribution, etc | Dakar : |
| Name of publisher, distributor, etc | United Nations Educational, Scientific and Cultural Organization, |
| Date of publication, distribution, etc | 1990 |
| 300 ## - PHYSICAL DESCRIPTION | |
| Extent | 95 p. ; |
| Dimensions | 24 cm. |
| 650 #7 - SUBJECT ADDED ENTRY--TOPICAL TERM | |
| Source of heading or term | lemb |
| Topical term or geographic name as entry element | Ofensas |
| 650 #7 - SUBJECT ADDED ENTRY--TOPICAL TERM | |
| Source of heading or term | lemb |
| Topical term or geographic name as entry element | Difamación |
| Geographic subdivision | Africa |
| 650 #7 - SUBJECT ADDED ENTRY--TOPICAL TERM | |
| Source of heading or term | lemb |
| Topical term or geographic name as entry element | Medios de comunicación |
| 651 #7 - SUBJECT ADDED ENTRY--GEOGRAPHIC NAME | |
| Source of heading or term | lemb |
| Geographic name | Japón |
| General subdivision | Economía |
| Chronological subdivision | 1946 |
| 700 1# - ADDED ENTRY--PERSONAL NAME | |
| Personal name | Tchoungang, Charles |
| Relator term | autor |
| 700 1# - ADDED ENTRY--PERSONAL NAME | |
| Personal name | O.Odhiambo, Lewis |
| Relator term | autor |
| 700 1# - ADDED ENTRY--PERSONAL NAME | |
| Personal name | Tiéoulé Diarra, Amadou |
| Relator term | autor |
| 942 ## - ADDED ENTRY ELEMENTS (KOHA) | |
| Source of classification or shelving scheme | Biblioteca del Cogreso de los Estados Unidos |
| Koha item type | Libro |
| Estado de pérdida | Fuente de clasificación | Estado del daño | No para préstamo | Ubicación permanente | Ubicación actual | Apartado o colección | Fecha de adquisición | Edición | Dependencia de educación superior (DES) | Área del conocimiento | Total Checkouts | Clasificación | Código de Barras | Date last seen | Número de copia | Costo por reposición | Tipo de recurso |
|---|---|---|---|---|---|---|---|---|---|---|---|---|---|---|---|---|---|
| Biblioteca del Cogreso de los Estados Unidos | Biblioteca del Posgrado en Derecho | Biblioteca del Posgrado en Derecho | Colección Ernesto Villanueva | 27/07/2021 | 1a ed. | Derecho | Ciencias Sociales y Administrativas | KQC896 D54 2004 | BPD000001789 | 27/07/2021 | 1 | 1.00 | Libro | ||||
| Biblioteca del Cogreso de los Estados Unidos | Biblioteca del Posgrado en Derecho | Biblioteca del Posgrado en Derecho | Colección Ernesto Villanueva | 27/07/2021 | 1a ed. | Derecho | Ciencias Sociales y Administrativas | KQC896 D54 2004 | BPD000001790 | 27/07/2021 | 2 | 1.00 | Libro | ||||
| Biblioteca del Cogreso de los Estados Unidos | Biblioteca del Posgrado en Derecho | Biblioteca del Posgrado en Derecho | Colección Ernesto Villanueva | 27/07/2021 | 1a ed. | Derecho | Ciencias Sociales y Administrativas | KQC896 D54 2004 | BPD000001791 | 27/07/2021 | 3 | 1.00 | Libro |